Statistiques concernant La mythologie grecque - Les noms en D

Cliquez ici pour prendre le quiz!

Statistiques générales

  • Ce quiz a été pris 359 fois
  • Le résultat moyen est 5 sur 10

Statistiques - réponses

IndiceRéponse% Correct
Dieu du vin, de la folie et du théâtreDionysos
96%
Architecte du labyrinthe abritant le MinotaureDédale
95%
Déesse de l'agricultureDéméter
94%
Nymphe aimée par Apollon, changée en laurierDaphné
46%
Fils d'Arès qui nourrit ses juments de chair humaineDiomède
38%
Mère de PerséeDanaé
29%
Dernière femme mortelle d'HéraclèsDéjanire
26%
Personnification de la terreurDeimos
24%
Géant ayant tué le dragon qui terrorisait les LydiensDamasène
7%
Frère favori d'Hector dont Athéna prend la forme afin de tromper le hérosDéiphobe
5%

Distribution des résultats

Percentile par nombre de réponses

% des personnes avec chaque résultat

Votre développement - résultats

Vous n’avez pas pris ce quiz